000 00864nam a2200229 a 4500
001 78812
003 BD-RjUL
005 20211209083157.0
008 211116r20202005bg ||||| |||| 00| 0 ben d
020 _a9789840425235
_c: Tk. 500.00
035 _a(BD-RjUL)79039
040 _aBD-RjUL
_beng
_cBD-RjUL
041 _aben
082 _223
_a891.441
_bDUI 2020
245 0 0 _aদুই বাংলার কবিতায় বঙ্গবন্ধু /
_cসম্পাদনায় আখতার হুসেন
260 _aঢাকা :
_bআগামী প্রকাশনী,
_c২০০৫ [মুদ্রণ ২০২০]
300 _a২১৫ পৃ.;
_c২২ সেমি.
650 _aবাংলা কবিতা
_9250142
650 _aBengali poetry
_9250143
700 _aহুসেন, আখতার
_9250145
942 _2ddc
_cBK
999 _c78812
_d78812